000 01615nam a22002177a 4500
005 20250623152832.0
008 250623b |||||||| |||| 00| 0 eng d
020 _a9780143466840
040 _cAL
041 _aEnglish
082 _a158.1
_bKUMA
100 _aLenaa Kumar
_9215784
245 _aAutobiography of god
_b: self realization in 5 practical steps
260 _aGurugram
_bPenguin Random House India Pvt Ltd
_c2024
300 _axxi,130p.
_bPB
_c20x13cm.
365 _aKSCR-000227
_b₹239.00
_c
_d₹299.00
_e20%
_f20-06-2025
520 _aAre you a seeker, rebel, non-conformist and free-spirit? Yes? … This book is for you. This book is for the rational, the practical, the seeker, the non-conformist, the leader, the rebel and the free spirit . . . This book is for you, dear reader, to destroy your self-limiting beliefs and realize your full potential. As this journey of self-discovery spanning eighteen years unfolds, Lenaa keeps a promise she made to herself during her darkest hours: ‘If I can stay off psychiatric medication for two years, I will write a book for fellow sufferers of anxiety, depression and the rigid psychiatric system.’ Now, five years later, the clarity has distilled down to five questions, one answer and a system of instant self-realization. What am I? Who am I? Where am I? When am I? Why am I? Can you answer these questions to your own satisfaction? If the answer is not a definite ‘Yes’, dive right into The Autobiography of God.
650 _aSelf-realization
_9215785
650 _aSelf-actualization (Psychology)
_9215786
942 _2ddc
_cBK
999 _c234511
_d234511